| 000 | 00823nam a2200241Ia 4500 | ||
|---|---|---|---|
| 003 | GCL | ||
| 005 | 20240530105023.0 | ||
| 008 | 140319s9999 xx 000 0 ara d | ||
| 020 | _a625320977 | ||
| 040 |
_aGCL / _cGCL |
||
| 082 | 0 | 4 |
_a342.0858 _bك خ |
| 100 | 1 | _aكيت، فريد هـ | |
| 245 | 1 | 0 |
_aالخصوصية فى عصر المعلومات / _cكيت، فريد هـ |
| 250 | _aالاولى | ||
| 260 |
_aالقاهرة : _bمركز الاهرام للترجمة والنشر ، _c1999 |
||
| 300 |
_a266 ص ؛ _c24 سم |
||
| 650 | 0 | 4 | _aحقوق التأليف والنشر |
| 650 | 0 | 4 | _aشبكات المكتبات والمعلومات |
| 650 | 0 | 4 | _aثورة المعلومات |
| 650 | 0 | 4 | _aالملكية الادبية والفنية |
| 700 | 1 | _aمحمد محمود شهاب | |
| 942 |
_2ddc _cBK |
||
| 999 |
_c52555 _d52555 |
||